00989nam a2200265 a 450000100100000000500170001000800410002702000150006804000250008308200210010810000250012924500770015425000110023126000400024230000200028249000220030250400490032465000240037365000150039765000240041270000260043695201190046295201250058199900170070600002428920250725140219.0110125s1993 ve r 000 0 spa d a9806114361 aDO-SdBNPbspacBNPHU a110bM855c, 19931 aMoriel, Juana94985210aChakras :bLa salud al alcance de todos /cJuana Moriel y Elia Chávez. a5a ed. aCaracas :bBienes Laconicas,c1993. a95 p. ;c16 cm.1 aMetafísicav400 aIncluye referencias bibliográficas (93-94) 4aMetafísica919469 4aDios91305 0a Cosmología918481 aChávez, Elia949853 001050718MOaGRbGRcHDd2011-01-25iLF1l0o110 M855c, 1993p24289-10r2020-06-25w2020-06-25y1ZNo se presta 001150718MOaGRbGRcMId2017-04-18iLF1l0o110 M855c, 1993p24289-20r2020-06-25te. 2w2020-06-25y1ZNo se presta c23782d23782